000 00657cam a2200217 4500
001 D5578
008 090401t1979 xxu||||| |||| 00| 0 eng d
035 _a(Sirsi) u57169
041 _aeng
050 _a346.410434
100 _aHill, Harold Arthur
245 _aHill and Redman's law of landlord and tenant. Second (cumulative) supplement to sixteenth edition
260 _aLondon
_bButterworths
_c1979
300 _axxiii. 556p. 25cm
350 _a0
520 _aAuthor - Christopher Lockhart-Mummery: containing developments up to 1st October 1978
700 _aBarnes, Michael
700 _aHands, David
942 _n0
948 _c04/03/1997
999 _c93904
_d93904